[Event "It (cat.7)"]
[Site "masterchessopen.com - Alushta (Ukraine)"]
[Date "2005.06.19"]
[Round "3"]
[White "Belosvetov Nikolaj (UKR)"]
[Black "Kovalev Andrei (BLR)"]
[Result "0-1"]
[WhiteElo "2336"]
[BlackElo "2546"]

1.d4 Nf6 2.c4 c5 3.d5 e6 4.Nc3 exd5 5.cxd5 d6 6.e4 g6 7.Nf3 Bg7 8.Be2 O-O
9.O-O Na6 10.Bf4 Nc7 11.Nd2 Nfe8 12.a4 f5 13.exf5 Bxf5 14.Nc4 Bd3 15.Bg3 Bxc4
16.Bxc4 Nf6 17.Be2 Kh8 18.Qd3 a6 19.Rab1 b5 20.axb5 axb5 21.Nxb5 Nxb5 22.Qxb5
Ne4 23.Qd3 Ra4 24.Qc2 Rb4 25.Bf3 Nxg3 26.fxg3 Qb6 27.Be2 Rb8 28.Kh1 Rxb2
29.Rxb2 Qxb2 30.Qe4 Qe5 31.Qd3 Qd4 32.Rd1 Qxd3 33.Bxd3 Bh6 34.h4 Rb4 {#R} 0-1

[Event "Tournament (juniors) (under 16)"]
[Site "masterchessopen.com - Yalova (Turkey)"]
[Round "1"]
[White "Aydin Ersin (TUR)"]
[Black "Apaydin Fethi (TUR)"]
[Result "0-1"]
[WhiteElo "1942"]
[BlackElo "2164"]

1.d4 Nf6 2.c4 c5 3.d5 e6 4.Nc3 exd5 5.cxd5 d6 6.e4 g6 7.Nf3 Bg7 8.Be2 O-O
9.O-O Bg4 10.Bf4 Bxf3 11.Bxf3 Ne8 12.Qb3 Qc8 13.h3 h5 14.Be2 Nd7 15.Be3 a6
16.a4 Rb8 17.f4 Nc7 18.Rac1 b5 19.axb5 axb5 20.Rcd1 Re8 21.e5 c4 22.Qc2 dxe5
23.d6 Ne6 24.f5 Nd4 25.Bxd4 exd4 26.fxg6 fxg6 27.Qxg6 Ne5 28.Qxh5 dxc3 29.Rd5
Qe6 30.d7 Nxd7 31.Bg4 Qb6+ 32.Kh1 Nf6 33.Qg6 Nxd5 34.Qf7+ Kh8 35.Qh5+ Qh6
36.Qxd5 Rf8 {#R} 0-1

[Event "It (cat.16)"]
[Site "masterchessopen.com - Biel (Switzerland)"]
[Date "2005.07.20"]
[Round "4"]
[White "Pelletier Yannick (SUI)"]
[Black "Bauer Christian (FRA)"]
[Result "1-0"]
[WhiteElo "2583"]
[BlackElo "2625"]

{ Pelletier Yannick (SUI) +1 =0 -1 } 1.d4 c5 2.d5 Nf6 3.c4 g6 4.Nc3 Bg7 5.e4
d6 6.Nf3 O-O 7.Be2 e6 8.O-O exd5 9.cxd5 Na6 10.Nd2 Ne8 { ? } 11.Re1 ( 11.Nc4
f5 12.exf5 Bxf5 13.Be3 Rb8 14.a4 Nb4 15.Rc1 Qe7 16.Qd2 Qf7 17.Rfd1 Rd8 18.Bg5
Bf6 19.Bh6 Ng7 20.Nb5 Be7 21.Be3 a6 22.Nbxd6 Rxd6 23.Nxd6 Bxd6 24.Bxc5 Bxc5
25.Rxc5 b6 26.Rc4 a5 27.Rf4 Qd7 28.d6 Qxa4 29.Bc4+ Kh8 30.g4 g5 { ...1-0,
Ionov Sergey 2544 - Degraeve Jean-Marc 2588 , Ohrid 2001 Ch Europe } )
11...Nac7 { +0.37 CAP N } ( 11...Rb8 12.Bf1 ( 12.Kh1 Bd7 13.f4 b5 14.a4 Nac7
15.axb5 Nxb5 16.Bxb5 Bxb5 17.e5 a6 18.Nf3 Rb7 19.Be3 Re7 20.Bf2 Bh6 21.Bg3 Ng7
22.Bh4 Bxf4 23.g3 g5 24.gxf4 gxh4 25.Ne4 f6 26.Nxf6+ Rxf6 27.exf6 Rxe1+
28.Qxe1 Qxf6 29.Qxh4 Qxh4 30.Nxh4 Kf7 31.Kg1 { ...1-0, Lukacs Peter 2490 -
Szalanczy Emil 2420 , Debrecen 1988 It (cat.10) } ) ( 12.Nb5 Bd7 13.a4 Nac7
14.Nxc7 Qxc7 15.Nc4 a6 16.a5 Bb5 17.Nb6 Bxe2 18.Rxe2 Nf6 19.Nc4 Rfe8 20.Qc2
Nd7 21.Bf4 Ne5 22.Bxe5 Bxe5 23.Nxe5 Rxe5 24.f4 Re7 25.Qc4 Rbe8 26.Ra3 Qd7
27.Rb3 Qg4 28.Rf3 f5 29.h3 Qh4 30.e5 Rxe5 31.Rxe5 { ...1/2-1/2, Herndl Harald
2286 - Tolnai Tibor 2480 , Hungary 1990 Cup Mitropa } ) 12...f5 13.Nf3 fxe4
14.Ng5 Nac7 15.a4 Nf6 16.Ngxe4 Nxe4 17.Nxe4 Bf5 18.Bg5 Qd7 19.Nc3 Rf7 20.Qd2
a6 21.Bh6 Re8 22.Bxg7 Rxg7 23.h3 Qd8 24.Bd3 Rxe1+ 25.Rxe1 Re7 26.Rxe7 Qxe7
27.Bxf5 gxf5 28.Ne2 Qe5 29.Nf4 b5 30.axb5 axb5 31.g3 { ...1/2-1/2, Timoscenko
Gennadij 2455 - Romanishin Oleg M 2550 , Belgrade 1988 } ) 12.f4 { N } (
12.Nc4 f5 13.exf5 Bxf5 14.Be3 b5 15.Na5 b4 16.Nc6 Qd7 17.Na4 Nf6 18.Bc4 Rae8
19.a3 Be4 20.Nxa7 Qf5 21.axb4 Ng4 22.Qd2 Bxg2 23.Bxc5 Nxh2 24.Ra3 Nf3+ 25.Rxf3
Bxf3 26.Bxd6 Qh3 { 0-1, Bosboom-Lanchava Tea 2352 - Ernst Sipke 2521 , Wijk
aan Zee 2004 It (cat.9) } ) 12...f5 13.Bf3 Bd4+ 14.Kh1 Nf6 15.exf5 gxf5 { ?! }
( 15...Bxf5 { !? } 16.Nb3 Bf2 17.Rf1 Bh4 { } ) 16.Nb3 { ?! } ( 16.Ne2 { !? }
16...Re8 17.Nxd4 cxd4 18.Nb3 { } ) 16...Ng4 17.Bxg4 Bxc3 18.bxc3 fxg4 19.c4
Bf5 { ?! } ( 19...b5 { !? } 20.cxb5 Qh4 21.Nd2 Nxb5 { } ) 20.Bb2 Qd7 21.Qd2 h6
22.Qc3 Kh7 23.Nd2 Rae8 24.a4 h5 25.Nf1 h4 26.Re3 { ?! } ( 26.Ne3 { !? }
26...Be4 27.f5 Rg8 { } ) 26...Rxe3 { ? } ( 26...h3 27.g3 Ne6 28.Qd2 Ng7 { } )
27.Nxe3 Be4 28.f5 Ne8 29.Rf1 Qg7 30.Rf4 Qxc3 31.Bxc3 Bd3 32.Rxg4 Bxf5 33.Rxh4+
Kg6 34.Rf4 Rf7 35.h4 Be6 36.Re4 Bd7 37.Kg1 { ?! } ( 37.g4 { !? } 37...b6
38.h5+ { } ) 37...Nf6 { ?! } ( 37...Bxa4 { !? } 38.g4 Bd7 39.h5+ Kh6 { } )
38.Bxf6 Rxf6 39.a5 b5 { ?! } ( 39...Rf8 { !? } 40.g4 b6 41.axb6 axb6 { } )
40.Re7 Rf7 41.Rxf7 Kxf7 42.cxb5 Bxb5 43.Nf5 Bd3 44.Nxd6+ Kf6 45.Kf2 Ke5 46.Ke3
Bf1 47.h5 Bxg2 48.h6 Kf6 49.Nf5 { } {#r} 1-0

[Event "Ch France (team) (nat.2) 2005/06"]
[Site "masterchessopen.com - France"]
[Date "2005.10.16"]
[Round "1"]
[White "Mancini Mario (FRA)"]
[Black "Hermann Jean-Philippe (FRA)"]
[Result "0-1"]
[WhiteElo "2275"]
[BlackElo "2221"]

1.d4 Nf6 2.c4 c5 3.d5 e6 4.Nc3 exd5 5.cxd5 d6 6.e4 g6 7.Be2 Bg7 8.Nf3 O-O
9.O-O Bg4 10.Nd2 Bxe2 11.Qxe2 Nbd7 12.Nc4 Nb6 13.Ne3 Qe7 14.f3 Rae8 15.Qc2 Nh5
16.g3 f5 17.Kg2 Bxc3 18.bxc3 fxe4 19.f4 g5 20.f5 Qe5 21.Rb1 c4 22.Rb5 Nf6
23.Qd2 Rf7 24.Rxb6 axb6 25.Nxc4 e3 26.Nxe3 Ne4 27.Qb2 Nxc3 28.Qxb6 Nxd5
29.Nxd5 Qxd5+ 30.Kh3 Rxf5 31.Rf2 Ref8 {#R} 0-1

[Event "Bundesliga 2005/06 (w)"]
[Site "masterchessopen.com - Germany"]
[Date "2005.10.29"]
[Round "1"]
[White "Socko Monika (POL)"]
[Black "Romakin Helene (GER)"]
[Result "1-0"]
[WhiteElo "2479"]
[BlackElo "2041"]

1.d4 Nf6 2.c4 c5 3.d5 e6 4.Nc3 exd5 5.cxd5 d6 6.e4 g6 7.Be2 Bg7 8.Nf3 O-O
9.O-O Bg4 10.Nd2 Bxe2 11.Qxe2 Re8 12.Qb5 Qc7 13.a4 Nbd7 14.h3 Rab8 15.a5 a6
16.Qa4 Ne5 17.Qc2 g5 18.Ne2 Ng6 19.Ng3 Qd7 20.Nc4 Nf4 21.Ra3 h6 22.Bd2 N4h5
23.Re1 Nxg3 24.Rxg3 Nh5 25.Rb3 Bf8 26.Rf3 Bg7 27.g4 Nf6 28.Bc3 Qe7 29.e5 Nxd5
30.Nxd6 Rf8 31.Bd2 Qc7 32.Qc4 Ne7 33.Rxf7 Rxf7 34.Qxf7+ Kh8 35.Nf5 {#r} 1-0

[Event "Czech League 2005/06 (2nd) (d)"]
[Site "masterchessopen.com - Czech Republic"]
[Date "2005.11.06"]
[Round "2"]
[White "Vesely Jaromir (CZE)"]
[Black "Hromadko Martin (CZE)"]
[Result "1-0"]
[WhiteElo "2105"]
[BlackElo "2074"]

1.d4 Nf6 2.c4 e6 3.Nc3 c5 4.d5 exd5 5.cxd5 d6 6.e4 g6 7.Nf3 Bg7 8.Be2 O-O
9.O-O Bg4 10.h3 Bxf3 11.Bxf3 Nbd7 12.g4 Ne8 13.Bg2 Qh4 14.Be3 Ne5 15.f4 Nc4
16.Bf2 Qe7 17.Qe2 b5 18.Nxb5 Nxb2 19.Rab1 Na4 20.Qc2 Nb6 21.e5 Rc8 22.exd6 Qd7
23.Bxc5 a6 24.Nc7 Na4 25.Ba3 Nxd6 26.Qc6 Qxc6 27.dxc6 Rfd8 28.Nxa6 Nc4 29.c7
Rxc7 30.Nxc7 Nxa3 31.Rbd1 Rb8 32.Rfe1 Nc2 33.Re8+ Rxe8 34.Nxe8 Bf8 35.Rd8 Nc5
36.Rc8 Ne3 37.Kf2 Nxg2 38.Kxg2 Ne6 39.Kf3 h6 40.a4 Nd4+ 41.Ke4 {#r} 1-0

[Event "Czech League 2005/06 (2nd) (a)"]
[Site "masterchessopen.com - Czech Republic"]
[Date "2005.12.04"]
[Round "4"]
[White "Paulovic Martin (CZE)"]
[Black "Vavrinec Tomas (CZE)"]
[Result "1-0"]
[WhiteElo "2194"]
[BlackElo "2072"]

1.d4 Nf6 2.c4 c5 3.d5 e6 4.Nf3 exd5 5.cxd5 d6 6.Nc3 g6 7.e4 Bg7 8.Be2 O-O
9.O-O Na6 10.Nd2 Nc7 11.a4 b6 12.Qc2 Rb8 13.Nc4 Ba6 14.Bf4 Bxc4 15.Bxc4 a6
16.Rfe1 b5 17.axb5 axb5 18.Bf1 b4 19.Nb1 Re8 20.Nd2 Ng4 21.h3 Ne5 22.Bh2 g5
23.Ra7 Qd7 24.Bxe5 Bxe5 25.Nc4 Bd4 26.Be2 Qd8 27.Bh5 Ra8 28.Rea1 Qf6 29.Nb6 b3
30.Qd2 Rxa7 31.Rxa7 Re7 32.Nc8 Rd7 33.Bg4 c4 34.Ra4 Bxb2 35.Rxc4 Be5 36.Bxd7
Bf4 37.Qd1 b2 38.Rxc7 Be5 39.Bf5 Qd8 40.Ne7+ Kg7 41.Rb7 {#r} 1-0

[Event "Czech League 2005/06 (krajsky prebor)"]
[Site "masterchessopen.com - Czech Republic"]
[Date "2006.01.08"]
[Round "0"]
[White "Balsinek Pavel (CZE)"]
[Black "Riska Lubomir (CZE)"]
[Result "1-0"]
[WhiteElo "2161"]
[BlackElo "2198"]

1.d4 Nf6 2.c4 c5 3.d5 e6 4.Nc3 exd5 5.cxd5 d6 6.e4 g6 7.Nf3 Bg7 8.Be2 O-O
9.O-O Na6 10.Bg5 h6 11.Bh4 Nc7 12.a4 Rb8 13.Nd2 b6 14.f4 Re8 15.Nc4 g5 16.Nxd6
Qxd6 17.e5 Qd8 18.exf6 Bxf6 19.fxg5 hxg5 20.Bg3 Bd4+ 21.Kh1 Bb7 22.Bc4 Rc8
23.Qh5 Bf6 24.Rf5 Kg7 25.Raf1 Rh8 26.Qf3 Ne8 27.Ne4 {#r} 1-0

[Event "It (open)"]
[Site "masterchessopen.com - Moscow (Russia)"]
[Date "2006.02.04"]
[Round "7"]
[White "Khismatullin Denis (RUS)"]
[Black "Sergienko Sergey (RUS)"]
[Result "1-0"]
[WhiteElo "2583"]
[BlackElo "2441"]

{ } 1.d4 Nf6 2.Nf3 c5 3.d5 e6 4.c4 exd5 5.cxd5 d6 6.Nc3 g6 7.e4 Bg7 8.Be2 O-O
9.O-O Bg4 10.h3 { = } 10...Bxf3 11.Bxf3 Nbd7 ( 11...Nfd7 12.Bf4 Qe7 13.Qd2 Na6
14.Rfe1 Nc7 15.Be2 a6 16.Bg5 f6 17.Bh4 b5 18.e5 Nxe5 19.f4 g5 20.fxe5 gxh4
21.e6 b4 22.Na4 f5 23.Kh1 Rad8 24.Nb6 Kh8 25.a3 b3 26.a4 Rg8 27.Ra3 Ne8
28.Rxb3 Rb8 29.a5 Bd4 30.Rd3 Nf6 31.Bf3 { ...0-1, Budrewicz Krzysztof 2136 -
Szoen Dariusz 2441 , Leba 27. 3.2004 Ch Poland (juniors) (under 18) } ) 12.Re1
( 12.Bf4 Qe7 13.Re1 Rfe8 14.Nb5 Ne5 15.Bxe5 Qxe5 16.Nc7 Qxb2 17.Nxa8 Rxa8
18.Rb1 Qxa2 19.Rxb7 Ne8 20.Qb1 Qa5 21.Rc1 Qd8 22.Qb5 Bd4 23.Rc2 a5 24.Rd7 Qb8
25.Rb7 Qd8 26.Qa4 Qh4 27.Qc6 Nf6 28.Rxf7 Nxe4 29.Bxe4 Qxe4 30.Re7 Qxe7
31.Qxa8+ Kg7 { ...1-0, Ostenstad Berge 2506 - Nielsen Paul E, Gausdal 1990 Cup
Arnold } ) ( 12.Bg5 c4 13.Be2 Rc8 14.Qc2 a6 15.a4 Qa5 16.Rfe1 Rfe8 17.Bf4 Ne5
18.Bd2 Qd8 19.Rad1 h6 20.f4 Ned7 21.Bf3 b5 22.axb5 axb5 23.Na2 Nc5 24.Nb4 Nfd7
25.Bc3 Bxc3 26.Qxc3 Qh4 27.Bg4 h5 28.g3 Qd8 29.Bf3 Na4 30.Qc2 Qf6 31.Re2 h4 {
...1-0, Goregliad Sergei 2300 - Goldstein Steven, Long Island 1990 Ch Chess
Club } ) ( 12.Qc2 Re8 13.Bd2 a6 14.a4 c4 15.Be3 Rc8 16.Rfe1 Nc5 17.Bg5 h6
18.Be3 Nfd7 19.Bg4 Nd3 20.Re2 h5 21.Bxd7 Qxd7 22.a5 f5 23.exf5 Qxf5 24.Na4 Rc7
25.Rd1 Qxd5 26.b3 Qe4 27.Rdd2 Qc6 28.bxc4 Ne5 29.Nb6 Kh7 30.Rd4 Rf7 31.Re4 Rf5
{ ...1/2-1/2, Pinter Jozsef 2565 - Ciemniak Robert 2395 , Dortmund 1995 It
(open) } ) 12...a6 ( 12...Re8 13.Qb3 { +0.15 CAP } ) 13.a4 Rb8 ( 13...Re8
14.Ra3 Qc7 15.Qc2 c4 16.Be3 Nc5 17.Bxc5 Qxc5 18.a5 Nd7 19.Be2 Bxc3 20.Rxc3
Qxa5 21.Bxc4 Rac8 22.Rc1 b5 23.Bf1 Rc5 24.f3 Rec8 25.Qd2 Rxc3 26.Rxc3 Rxc3
27.Qxc3 Qxc3 28.bxc3 Nc5 29.Kf2 Na4 30.c4 b4 31.Ke3 Nc5 32.Be2 a5 33.Kd4 {
...0-1, Varela Daniel 2175 - Lafuente Pablo 2473 , Tres de Febrero 2003 Ch
Argentina } ) ( 13...Qe7 14.Bg5 h6 15.Bf4 Ne8 16.Qc2 Nc7 17.Be2 b6 18.Bf1 Rab8
19.Qd2 g5 20.Bh2 Qf6 21.Nd1 Rfe8 22.Kh1 Rb7 23.f3 b5 24.axb5 axb5 25.Rb1 Ne5
26.Ne3 Ra7 27.Nf5 Ra4 28.b4 c4 29.Qd4 Ra6 30.Re3 Kh7 31.Qd1 Ng6 32.Bg1 Bf8
33.Re2 { ...1/2-1/2, Henley Ron W 2465 - Maki James 2275 , Las Vegas 1996 It
(open) } ) ( 13...Qc7 14.Be2 Rfe8 15.Qc2 Rac8 16.Bf4 Ne5 17.Be3 h6 18.f4 Ned7
19.Bf2 Nh7 20.Rad1 Qb8 21.Bc4 Nhf8 22.Qd3 Nb6 23.b3 Nxc4 24.bxc4 Qc7 25.Bg3
Nd7 26.Re2 Bd4+ 27.Kh1 Qa5 28.Be1 Qd8 29.Rb1 b6 30.Qf3 Rb8 31.Nd1 Qe7 32.Bc3
f5 33.Bxd4 { ...1/2-1/2, Rossetto Hector 2465 - Godoy David A 2337 , La Serena
1972 It } ) 14.a5 ( 14.Be2 Ne8 15.Bf1 Nc7 16.Bf4 Ne5 17.a5 b6 18.axb6 Rxb6
19.Qc1 Qb8 20.Ra2 Qb7 21.Nd1 Rb3 22.Bh6 Qb4 23.Re3 f5 24.Rxb3 Qxb3 25.Nc3 fxe4
26.Qd2 Nc4 27.Qe2 e3 28.fxe3 Ne5 29.Ra3 Qb6 30.Qc2 c4 31.Ne4 Nb5 32.Ra1 Qxe3+
33.Kh1 Nd4 { ...0-1, Bradbury Neil H 2350 - Pigusov Evgeny 2550 , Cappelle la
Grande 1992 It (open) } ) 14...Ne8 { +0.41 CAP } 15.Qc2 Nc7 16.Be2 Qe7 { N } (
16...Qh4 17.Be3 b5 18.axb6 Rxb6 19.Ra4 Be5 20.Rc4 Rfb8 { 1/2-1/2, Hartman
Christer 2329 - Rej Dennis 2183 , Vordingborg 1980 Ch Denmark (juniors) } )
17.Bf1 Rfe8 18.Bd2 Be5 19.Rab1 Qf6 20.Ne2 Qd8 21.f4 Bg7 22.Nc3 Bd4+ 23.Kh2 Nf6
24.g3 b5 25.Bg2 Nd7 26.b4 Rc8 27.bxc5 Bxc5 28.Qd3 b4 { ? } ( { ? } 28...Bf2
29.Rf1 Ba7 30.Qf3 Qe7 { } ) 29.Na2 Nb5 { ?! } ( 29...Bf2 30.Re2 Nc5 31.Qc4 b3
{ } ) 30.Nxb4 Bxb4 31.Bxb4 Nc5 32.Qd2 Qf6 33.Rec1 Na4 34.Rc6 { } {#r} 1-0

[Event "Ch Argentina (1/2 final)"]
[Site "masterchessopen.com - Buenos Aires (Argentina)"]
[Date "2006.03.24"]
[Round "4"]
[White "Dibenedetto Guillermo"]
[Black "Sanhueza Cristian (ARG)"]
[Result "1-0"]
[WhiteElo "2282"]
[BlackElo "2191"]

1.d4 g6 2.c4 Bg7 3.Nf3 c5 4.d5 d6 5.e4 Nf6 6.Nc3 O-O 7.Be2 e6 8.O-O exd5
9.cxd5 Bg4 10.h3 Bxf3 11.Bxf3 Na6 12.Bf4 Re8 13.Re1 Nd7 14.Qd2 Ne5 15.Be2 Nc7
16.Bg5 Bf6 17.Be3 Rb8 18.a4 a6 19.Qc2 b5 20.axb5 axb5 21.f4 Nd7 22.e5 Bh4
23.Rf1 b4 24.exd6 bxc3 25.dxc7 Qxc7 26.Bc1 cxb2 27.Bxb2 Qb7 28.Rab1 Qxd5
29.Bc4 Qe4 30.Bd3 Qe3+ 31.Kh1 Nf6 32.Rf3 Qe6 33.f5 Qd6 34.fxg6 hxg6 35.Bc4 Kf8
36.Rbf1 Rb6 37.Bxf6 Bxf6 38.Rxf6 Qxf6 39.Rxf6 Rxf6 40.Qc3 Rf5 41.Bb5 Re1+ {#r}
1-0

[Event "Ch Poland (juniors) (under 18)"]
[Site "masterchessopen.com - Leba (Poland)"]
[Date "2006.03.28"]
[Round "5"]
[White "Krzesaj Robert (POL)"]
[Black "Mazurkiewicz Michal (POL)"]
[Result "0-1"]
[WhiteElo "2308"]
[BlackElo "2195"]

1.d4 Nf6 2.Nf3 g6 3.c4 Bg7 4.Nc3 O-O 5.e4 d6 6.Be2 c5 7.d5 e6 8.O-O exd5
9.cxd5 Na6 10.Re1 Nc7 11.Bf4 Nh5 12.Bg5 f6 13.Bc1 f5 14.Ng5 Nf6 15.e5 Nfe8
16.e6 Qe7 17.Nf7 Rb8 18.Bg5 Bf6 19.Bh6 Bg7 20.Bxg7 Kxg7 21.a4 b6 22.Qd2 Bb7
23.Bc4 a6 24.Re3 Qf6 25.Rh3 Kg8 26.Re1 Qd4 27.Qg5 b5 28.Nh6+ Kh8 29.Qe7 Qg7
30.Nf7+ Kg8 31.axb5 axb5 32.Bxb5 Nxd5 33.Nxd5 Bxd5 34.Bxe8 Rfxe8 35.Qxd6 Bxe6
36.Nh6+ Kh8 37.Rxe6 Red8 38.Rhe3 Rxd6 39.Re8+ Qf8 40.Nf7+ Kg7 41.Nxd6 Qxd6
{#R} 0-1

[Event "Cup Belgrade (team)"]
[Site "masterchessopen.com - Belgrade (Yugoslavia)"]
[Date "2006.04.05"]
[Round "1"]
[White "Matic Petar (SRB)"]
[Black "Prelevic Dusko (SRB)"]
[Result "1-0"]
[WhiteElo "2195"]
[BlackElo "2320"]

1.d4 Nf6 2.c4 c5 3.d5 e6 4.Nc3 exd5 5.cxd5 d6 6.e4 g6 7.Nf3 Bg7 8.Be2 O-O
9.O-O Bg4 10.h3 Bxf3 11.Bxf3 Nbd7 12.Bf4 Ne8 13.Re1 b5 14.Nxb5 Qb6 15.Qa4 Ne5
16.Be2 f5 17.exf5 Rxf5 18.Rab1 Rb8 19.Be3 a6 20.Nc3 Nf7 21.Qxa6 Qxa6 22.Bxa6
Rxb2 23.Bc1 {#r} 1-0

[Event "Ch Hessen (b)"]
[Site "masterchessopen.com - Marburg (Germany)"]
[Date "2006.04.13"]
[Round "5"]
[White "Ferozkohi Ihsan (GER)"]
[Black "Ullmann Stefan"]
[Result "1-0"]
[WhiteElo "2125"]
[BlackElo "1663"]

1.d4 e6 2.c4 Nf6 3.Nc3 c5 4.d5 exd5 5.cxd5 d6 6.Nf3 g6 7.e4 Bg7 8.Be2 O-O
9.O-O Bg4 10.Bg5 Bxf3 11.Bxf3 Nbd7 12.g3 Qb6 13.Qb3 Qxb3 14.axb3 Rfe8 15.Bg2
a6 16.f4 Ng4 17.Bh3 Bd4+ 18.Kh1 h5 19.Bxg4 hxg4 20.Rae1 f6 21.Bh4 Kg7 22.Kg2
Kh6 23.e5 dxe5 24.Ne4 exf4 25.gxf4 Bxb2 26.Nd6 Rxe1 27.Rxe1 b5 28.Kg3 Nb6
29.Re7 Nxd5 30.Rb7 Ne3 31.Nf7+ Kg7 32.Ne5+ Kg8 33.Bxf6 Bxe5 34.fxe5 c4 35.bxc4
bxc4 36.Rg7+ Kf8 37.Rh7 Re8 38.Kf4 Nf5 39.Kg5 c3 40.Kxg6 Ne7+ 41.Bxe7+ Kg8
42.Bf6 {#r} 1-0

[Event "It (open)"]
[Site "masterchessopen.com - Cutro (Italy)"]
[Date "2006.04.28"]
[Round "6"]
[White "Scerbo Antonio (ITA)"]
[Black "Cordi' Domenico (ITA)"]
[Result "0-1"]
[WhiteElo "2107"]
[BlackElo "2087"]

1.d4 Nf6 2.c4 e6 3.Nf3 c5 4.d5 exd5 5.cxd5 d6 6.Nc3 g6 7.e4 Bg7 8.Be2 O-O
9.O-O Na6 10.Nd2 Nc7 11.a4 b6 12.Nc4 Ba6 13.Bf4 Bxc4 14.Bxc4 Re8 15.f3 Nh5
16.Qd2 Nxf4 17.Qxf4 a6 18.Qd2 Rb8 19.Qd3 b5 20.axb5 axb5 21.Nxb5 Nxb5 22.Bxb5
Qb6 23.Bc4 Qxb2 24.Rab1 Qd4+ 25.Qxd4 Bxd4+ 26.Kh1 Kg7 27.g3 g5 28.Kg2 h6
29.Rfe1 Rxb1 30.Rxb1 Re7 31.Kf1 Ra7 32.Rb6 Ra4 33.Bb3 Ra1+ 34.Kg2 c4 35.Rb4
cxb3 36.Rxd4 b2 {#R} 0-1

[Event "Ch World (schools)"]
[Site "masterchessopen.com - Kallithea (Greece)"]
[Date "2006.04.30"]
[Round "8"]
[White "Liodakis Konstantinos (GRE)"]
[Black "Michelakos Panagiotis (GRE)"]
[Result "1-0"]
[WhiteElo "1813"]
[BlackElo "1852"]

1.d4 Nf6 2.c4 c5 3.d5 e6 4.Nc3 exd5 5.cxd5 d6 6.e4 g6 7.Nf3 Bg7 8.Be2 O-O
9.O-O Bg4 10.Nd2 Bxe2 11.Qxe2 Re8 12.f3 a6 13.a4 Nbd7 14.a5 b5 15.axb6 Nxb6
16.Qd3 Nh5 17.Ne2 a5 18.Nb1 Qd7 19.Nbc3 Reb8 20.f4 Qe7 21.f5 Qh4 22.Qf3 Rf8
23.Nb5 Rad8 24.Rxa5 Nc4 25.Ra6 Qe7 26.g4 Nf6 27.g5 Nxe4 28.f6 Nxg5 29.fxe7
Nxf3+ 30.Rxf3 Rfe8 31.exd8=Q Rxd8 32.b3 Ne5 33.Rg3 {#r} 1-0

[Event "It (cat.2)"]
[Site "masterchessopen.com - Kecskemet (Hungary)"]
[Date "2006.05.24"]
[Round "9"]
[White "Sutorikhin Vladimir (RUS)"]
[Black "Eisenbeiser Amadeus (GER)"]
[Result "0-1"]
[WhiteElo "2354"]
[BlackElo "2349"]

1.d4 c5 2.d5 Nf6 3.c4 e6 4.Nc3 exd5 5.cxd5 d6 6.e4 g6 7.Nf3 Bg7 8.Be2 O-O
9.O-O Bg4 10.Nd2 Bxe2 11.Qxe2 Re8 12.f3 Nbd7 13.a4 b6 14.Nc4 Ne5 15.Bg5 Nxc4
16.Qxc4 h6 17.Bh4 g5 18.Bf2 Nd7 19.Bg3 Ne5 20.Bxe5 Bxe5 21.Rae1 Qd7 22.Nd1 a6
23.b3 b5 24.Qc2 bxa4 25.bxa4 Rab8 26.Ne3 Rb4 27.Nf5 Kh7 28.Ra1 Bxa1 29.Rxa1
Re5 30.h4 Rxf5 31.exf5 Rf4 32.hxg5 Qxf5 33.Qxf5+ Rxf5 34.Rd1 hxg5 35.Kf2 Rf4
36.a5 Ra4 37.Rb1 Rb4 38.Rd1 Rb5 39.Ke3 Rxa5 40.Ke4 Kg6 {#R} 0-1

[Event "Memorial Kochan"]
[Site "masterchessopen.com - Koszalin (Poland)"]
[Date "2006.08.06"]
[Round "3"]
[White "Kielbratowski Maciej (POL)"]
[Black "Bakalarz Leszek (POL)"]
[Result "0-1"]
[WhiteElo "1922"]
[BlackElo "2103"]

1.d4 Nf6 2.c4 c5 3.d5 e6 4.Nc3 exd5 5.cxd5 d6 6.e4 g6 7.Nf3 Bg7 8.Be2 O-O
9.O-O Bg4 10.Nd2 Bxe2 11.Qxe2 Nbd7 12.Nc4 Nb6 13.Ne3 Re8 14.f3 Rc8 15.a4 a6
16.Bd2 Qc7 17.a5 Nbd7 18.Na4 Nh5 19.Nc4 f5 20.Rae1 Bd4+ 21.Be3 fxe4 22.Bxd4
cxd4 23.Nab6 Nxb6 24.Nxb6 e3 25.Qd3 Qc5 26.Nxc8 Nf4 27.Qa3 Rxc8 28.b4 Qc2 {#R}
0-1

[Event "It (open) \"]
[Site "masterchessopen.com - St. Petersburg (Russia)"]
[Date "2006.11.06"]
[Round "7"]
[White "Hort Artur (RUS)"]
[Black "Bogdanov Aleksey (RUS)"]
[Result "0-1"]
[WhiteElo "2125"]
[BlackElo "2196"]

1.d4 Nf6 2.c4 c5 3.d5 g6 4.Nc3 Bg7 5.e4 d6 6.Be2 O-O 7.Nf3 e6 8.O-O exd5
9.cxd5 Bg4 10.Nd2 Bxe2 11.Qxe2 Nbd7 12.Nc4 Nb6 13.a4 Re8 14.Nxb6 Qxb6 15.f3
Nd7 16.a5 Qa6 17.Nb5 Rac8 18.Bf4 Ne5 19.Bxe5 Rxe5 20.Qc4 Re7 21.Ra2 Rf8 22.b3
f5 23.Ra4 fxe4 24.fxe4 Rxf1+ 25.Qxf1 Be5 26.g3 b6 27.Ra2 Rf7 28.Qc4 bxa5
29.Na3 Qc8 30.Kg2 Bd4 31.Nb5 Qg4 32.Qd3 Be5 33.Rxa5 Qg5 34.Rxa7 Rf8 35.Ra2 Qc1
36.Rc2 Qe1 37.Na3 Bd4 38.Nc4 g5 39.Kh3 h5 40.e5 Kh8 41.Qe2 g4+ 42.Kh4 Qh1
43.Kxh5 Qxd5 44.Kxg4 Qe6+ 45.Kh4 Rf7 46.g4 d5 47.Nd6 Rh7+ 48.Kg3 Bxe5+ {#R}
0-1

[Event "It (cat.4)"]
[Site "masterchessopen.com - Grenoble (France)"]
[Date "2007.06.26"]
[Round "7"]
[White "Adda Olivier (FRA)"]
[Black "Vuilleumier Alex (SUI)"]
[Result "1-0"]
[WhiteElo "2152"]
[BlackElo "2315"]

1.d4 Nf6 2.c4 e6 3.Nf3 c5 4.d5 exd5 5.cxd5 d6 6.Nc3 g6 7.e4 Bg7 8.Be2 O-O
9.O-O Bg4 10.Nd2 Bxe2 11.Qxe2 Re8 12.a4 Nbd7 13.Nc4 Nb6 14.Qd3 Nxc4 15.Qxc4
Ng4 16.Bf4 a6 17.h3 Ne5 18.Bxe5 Bxe5 19.f4 Bd4+ 20.Kh1 Qb6 21.e5 dxe5 22.fxe5
Qb4 23.Qa2 Rxe5 24.d6 c4 25.Rad1 Bxc3 26.bxc3 Qxc3 27.Rc1 Qb3 28.Qxb3 cxb3
29.d7 Kg7 30.Rc8 Rd5 31.Rxa8 Rxd7 32.Rb1 Rd4 33.Rxb3 Rxa4 34.Rxb7 Rf4 35.Rxa6
h5 36.Ra3 {#r} 1-0

[Event "It \"]
[Site "masterchessopen.com - Differdange (Luxembourg)"]
[Date "2007.07.13"]
[Round "8"]
[White "Penzel Nils (GER)"]
[Black "Boos Markus (GER)"]
[Result "0-1"]
[WhiteElo "2062"]
[BlackElo "2201"]

1.d4 Nf6 2.c4 c5 3.d5 e6 4.Nc3 exd5 5.cxd5 d6 6.e4 g6 7.Be2 Bg7 8.Nf3 O-O
9.O-O Bg4 10.Nd2 Bxe2 11.Qxe2 Nbd7 12.Nc4 Nb6 13.Bg5 h6 14.Bh4 Nxc4 15.Qxc4 g5
16.Bg3 Nh5 17.Rab1 Qd7 18.a4 Rae8 19.Ne2 f5 20.exf5 Rxf5 21.Nc3 Nxg3 22.hxg3
Bd4 23.Nb5 Bxf2+ 24.Rxf2 Rxf2 {#R} 0-1

[Event "It (open)"]
[Site "masterchessopen.com - Campobasso (Italy)"]
[Date "2007.07.20"]
[Round "1"]
[White "Cordi' Domenico (ITA)"]
[Black "Caporale Giuseppe Guido (BRA)"]
[Result "0-1"]
[WhiteElo "2055"]
[BlackElo "1857"]

1.d4 Nf6 2.c4 c5 3.d5 e6 4.Nc3 exd5 5.cxd5 d6 6.e4 g6 7.Nf3 Bg7 8.Be2 O-O
9.O-O Na6 10.Nd2 Nc7 11.a4 a6 12.Nc4 Nce8 13.f4 Nd7 14.Kh1 Rb8 15.Ne3 Nc7
16.Nc4 Ne8 17.a5 b5 18.axb6 Nxb6 19.Na5 Bd7 20.Bxa6 Nc7 21.Bd3 Qe8 22.Re1 Ra8
23.Be3 Qe7 24.Qd2 Rfc8 25.Qf2 Ne8 26.Qf3 Rab8 27.Ba6 Rc7 28.Bf2 Nc8 29.Bxc8
Rcxc8 30.Nc4 Rb4 31.Qd3 Rcb8 32.Ra7 Rb3 33.h3 Qd8 34.Ra3 R8b4 {#R} 0-1

[Event "It (open)"]
[Site "masterchessopen.com - Castellar (Spain)"]
[Date "2007.07.20"]
[Round "5"]
[White "Cortes Ventura Joaquim (ESP)"]
[Black "Alcazar Pascual Lluis (ESP)"]
[Result "0-1"]
[WhiteElo "1992"]
[BlackElo "2029"]

1.d4 c5 2.d5 Nf6 3.c4 e6 4.Nc3 exd5 5.cxd5 d6 6.e4 g6 7.Nf3 Bg7 8.Be2 O-O
9.O-O Bg4 10.h3 Bxf3 11.Bxf3 Nfd7 12.Qb3 b6 13.Bf4 Ne5 14.Be2 a6 15.Bh2 b5
16.f4 Ned7 17.a4 c4 18.Qc2 b4 19.Nd1 c3 20.bxc3 a5 21.Rc1 Na6 22.Bxa6 Rxa6
23.cxb4 axb4 24.Nb2 b3 25.Qe2 Bxb2 26.Qxa6 Bxc1 27.Rxc1 Nc5 28.Qc4 Qa5 29.e5
b2 30.Rb1 Qxa4 31.Qxa4 Nxa4 32.f5 Rc8 33.Bf4 dxe5 34.Be3 Rd8 {#R} 0-1